000
00315nam a2200121Ia 4500
008
220216s9999 xx 000 0 und d
100
_a
Bolam S E
245
0
_a
Characteristics of synthetic polymer latices
260
_b
Proceedings of the IRI
_c
1957
300
_a
61-75
650
_a
Synthetic polymer
942
_c
JS
999
_c
55401
_d
55401